Do you really know Vatican? - Statistics

General Stats
  • This quiz has been taken 23 times
  • The average score is 9 of 15
Answer Stats
Question Answer % Correct
Vatican leads which type of Christianity? Catholicism
100%
Who was the pope in 2020? Francis
100%
A lot of popes were murdered. Which one is NOT a known method of doing so? Burning
83%
Which currency does Vatican use? Euro
83%
How do you get Vatican citizenship? Jus officii
83%
The Vatican obelisk was taken from? Egypt
67%
Has there ever been a homosexual pope? Sixtus IV and others
67%
Can you fly to Vatican? There's a heliport
67%
Was any of the popes married? Yes, several
67%
Is there an active league for sports in the Vatican? Association football league
50%
The Vatican gardens are around how large portion of the whole state? Half
50%
Does the Vatican have railways? Yes, one station
50%
Vatican City is NOT known to be the world leader in...? Beer consumption per-capita
17%
Which one of these is NOT real? Vatican internet service
17%
Did any of the popes have children? Yes
17%
No matching quizzes found
Score Distribution
Percent of People with Each Score
Percentile by Number Answered
Your Score History
You have not taken this quiz